00493 2200181 4500001002100000005001700021035002400038084002000062090002000082100002500102245007000127260003500197300002000232650001700252850001200269990001000281990002000291YOGYA00000000004473520161124140522.0 0010-081400000044453 aDep 297.9 Ami B aDep 297.9 Ami B aAmir, Ustadz Dja'far aBidang studi tarikh islam jilid III kelas VcAmir, Ustadz Dja'far aYogyakartabKota Kembangc1978 a43 hlm,c23 cm. aTarikh Islam aYOPDYOG a698-d aCB-D.11/1978-43